| 000 | 00000nam 2200000za 4500 |
| 001 | 9.635303 |
| 003 | CaOODSP |
| 005 | 20210624220206 |
| 007 | cr ||||||||||| |
| 008 | 150407s2008 onc|||||o f|0| 0 fre d |
| 020 | |a978-0-662-08846-2 |
| 040 | |aCaOODSP|bfre |
| 043 | |an-cn--- |
| 086 | 1 |aCH1-3/2008F-PDF |
| 110 | 1 |aCanada. |bPatrimoine canadien. |
| 245 | 10|aGuide des programmes d'appui financier de Patrimoine canadien, 2008-2009 |h[ressource électronique]. |
| 260 | |bPatrimoine canadien, |a[Ottawa] : |cc2008. |
| 300 | |a98 p. |
| 500 | |aLe n° de catalogue (CH1-3/2008) et l'ISBN (978-0-662-05695-9) de l'édition imprimée bilingue ont été incorrectement copiés dans l'édition électronique. |
| 590 | |a09-17|b2009-04-24 |
| 691 | 07|aPatrimoine|2gcpds |
| 775 | 08|tGuide to Canadian Heritage financial support programs, 2008/2009 |w(CaOODSP)9.690959 |
| 795 | |tGuide des programmes d'appui financier de Patrimoine canadien |w(CaOODSP)9.634071 |
| 856 | 40|ahttp://publications.gc.ca|qPDF|s1096 Ko|uhttps://publications.gc.ca/collections/collection_2009/pc-ch/CH1-3-2008F.pdf |